00509nam a22001817a 450000500170000001000150001702000260003202000230005803500130008103700130009408200130010710000210012024500700014125000120021126000350022327000370025830000320029520150311102436.0 aENG-112171 a9789351610328c700.00 a9351610322c700.00 aEN-95703 bDBAD/PUB a658.1511 aMaheshwari, S.N. aManagement accounting and financial control /cby S.N. Maheshwari a16th ed aNew DelhibSultan Chand c2015 a23, DaryaganjbNew Delhie110002 avarious pagings c25cm(pbk)